000 00942cam a2200313Ka 4500
999 _c845
_d845
001 670274
003 OSt
005 20180827095455.0
008 030903t20021983miu b 000 0 eng d
020 _a0310252865 (pbk.)
020 _a9780310252863 (pbk.)
035 _a(OCoLC)ocm52961048
035 _a(OCoLC)ocm52961048
035 _a(OCoLC)52961048
040 _aFSP
_cFSP
_dOCLCQ
_dPTS
049 _aPTSS
082 0 4 _a248
_bCOL
_2C723L
090 _aBV4501.2
_b.C72 2002
100 1 _aColson, Charles W.
245 1 0 _aLoving God :
_ban inspiring message and a challenge to all Christians /
_cCharles Colson.
250 _aSpecial Man in the Mirror ed.
260 _aGrand Rapids, Mich. :
_bZondervan Pub. House,
_c2002.
300 _a338 p. ;
_c18 cm.
504 _aIncludes bibliographical references.
600 1 0 _aColson, Charles W.
650 0 _aChristian life.
650 0 _aChristianity
_y20th century.
942 _2ddc
_cBK